| 000 | 00661cam a2200229 a 4500 | ||
|---|---|---|---|
| 001 | 3562238 | ||
| 005 | 20240214062443.0 | ||
| 008 | 980928s1999 mau bi 001 0 eng | ||
| 020 | _a0745622666 (alk. paper) | ||
| 020 | _a0745622674 (pbk. : alk. paper) | ||
| 040 |
_aDLC _cDLC _dDLC |
||
| 082 | 0 | 0 |
_a320. _221 _bANT. |
| 100 | 1 | _aGiddens, Anthony. | |
| 245 | 1 | 4 |
_aThe third way : _bthe renewal of social democracy / _cAnthony Giddens. |
| 260 |
_aMalden, Mass. : _bPolity Press, _c1998. |
||
| 300 | _ax, 166 p. ; | ||
| 650 | 0 | _aPost-communism. | |
| 650 | 0 | _aSocialism. | |
| 650 | 0 | _aWelfare state. | |
| 650 | 0 | _aRight and left (Political science) | |
| 942 | _cL | ||
| 999 |
_c395 _d395 |
||